| 000 | 00432nam a2200145Ia 4500 | ||
|---|---|---|---|
| 008 | 220204s9999 xx 000 0 und d | ||
| 082 |
_a581.2:581.524.15 _bDUR |
||
| 245 | 0 | _aToxins in plant disease | |
| 260 |
_aNew York _bAcademic _c1981 |
||
| 490 | _aPhysiological ecology: A series of monographs texts and treatises. Ed by T T Kozlowski | ||
| 650 | _aParthenogenesis | ||
| 650 | _aToxins | ||
| 700 | _aDURBIN, R D | ||
| 942 | _cBK | ||
| 999 |
_c37131 _d37131 |
||